Протокол № 23 заседания Президиума Верховного Совета СССР (подлинный)

RUSMARC
00004723nac2a22003133x 450
001ecbd1ccf-dd59-4154-b52f-5b51392d887d
00520260120005047.0
100##$a20251101l19471947k y0rusy50 ca
1010#$arus
102##$aRU
105##$ay z |||||
1222#$ad19471101
$ad19471213
2001#$aПротокол № 23 заседания Президиума Верховного Совета СССР (подлинный)
$j1 ноября - 13 декабря 1947
215##$a83 листа
$d29,8 х 20,7
251##$cДело
300##$aЗаголовок дела на папке: Протокол № 23 заседания Президиума Верховного Совета СССР (подлинный) том I
300##$aЛисты: 83 листа, в том числе: + листов внутренней описи I
300##$aМашинописный текст с рукописными пометками
461#0$1001d61833fe-7036-4123-ba24-5c83654b2cf0
$12001
$aВерховный Совет СССР
$1251
$cФонд
$1852
$gР
$j7523
462#0$1001f97228f9-855d-4329-90f3-ac5adbe8c7dc
$12001
$aПодлинные протоколы заседаний Президиума Верховного Совета СССР и материалов к ним второго созыва
$vД. 171
$1251
$cОпись
$1852
$j36
5171#$aПротокол № 23 заседания Президиума Верховного Совета СССР (подлинный) том I
60101$3RU\NLR\AUTH\8810065327
$aСССР
$bВерховный Совет
$bПрезидиум
605##$3DITM\AF\0000002775
$aВласть
$lколлекция
$2acquisition_prlib
6101#$aПротокол
$aЗаседание
686##$a63.3(2)62-332ю1
$cИстория
$2rubbk
686##$a67.400.6ю1
$cПраво
$2rubbk
801#0$aRU
$bGA_RF
801#1$aRU
$bГлавНИВЦ
$c20251101
$2rusmarc
801#2$aRU
$bПБ им. Б.Н. Ельцина
$c20260120
$gRCR
$2rusmarc
852##$aГА РФ
$j171
937##$d200077087
$hГАРФ
035##$aRuPRLIB51080930
856##$uhttp://readingroom.main.prlib.ru/item.aspx?id_node=n200077087&mode=full
Формат отображения